| 000 | 00730nam a22002177a 4500 | ||
|---|---|---|---|
| 008 | 150527b xxu||||| |||| 00| 0 eng d | ||
| 020 | _a9780071714761 | ||
| 041 | 0 | _aENG | |
| 080 | _2658 TRO | ||
| 100 | _aTrompenaars, Alfons. | ||
| 245 | 0 | 0 |
_aRiding the waves of innovation : _cFons Trompenaars, Charles Hampden-Turner. |
| 260 |
_aNew York : _bMcGraw-Hill, _cc2010. |
||
| 300 |
_a262 f _bME IL _c24 cm. |
||
| 500 | _aPreface: f VII-IX | ||
| 505 | _aIndex | ||
| 505 | _abibliografi | ||
| 650 | 0 |
_aOrganizational change _xManagement. |
|
| 650 | 0 |
_aInternational business enterprises _vManagement. |
|
| 700 | _aHampden-Turner, Charles. | ||
| 942 |
_2udc _cBK |
||
| 999 |
_c908 _d908 |
||